000 00445nam a2200157 i 4500
001 35114
003 ES-MaACL
005 20230906155046.0
007 t|
008 030212s1931 fr ||||1| fre d
100 1 _aBordeaux, Henry.
_930390
245 1 4 _aLes ondes amoureusses
_b: (femmes d'hier et d'aujourd'hui) /
_cHenry Bordeaux.
260 _aParis :
_bPlon et Nourrit,
_c[1931]
300 _a309 p. ;
_c19 cm.
852 _aES-MaACL
_jE-1152
999 _c35114
_d35114